| 000 | 00695cam a22002537a 4500 | ||
|---|---|---|---|
| 003 | CHAP | ||
| 005 | 20220817043155.0 | ||
| 008 | 971013s1987 r 00010 d | ||
| 010 | _a67546 | ||
| 011 | _a68518 | ||
| 035 | _a77990 | ||
| 040 | _cCHAP | ||
| 090 | _aFolleto 11554 | ||
| 100 | 0 | 0 |
_aFaris, D. G. _939753 |
| 245 | 0 |
_aVegetable pigeonpea _b: a promising crop for India |
|
| 260 |
_aPatancheru : _bICRISAT, _c1987 |
||
| 300 |
_a13 p. _b: ilus. |
||
| 590 |
_aBATCH-UPD _b10 _c20130110 _lUCH01 _h1450 |
||
| 590 |
_aCONVERSION _b10 _c20130109 _lUCH01 _h1337 |
||
| 650 | 1 | 4 | _aCajanus indicus. |
| 901 | _aBK | ||
| 942 | _cFOLL | ||
| 949 |
_aFolleto 11554 _bBC _cFOLL _d-30863 _eTS1 _i77990 _mD _si |
||
| 999 |
_c67546 _d67546 |
||